00209nam a2200073Ia 4500008004100000100001600041245004800057260003000105170817s9999 xx 000 0 und d aSHARMA G.R. 0aSIKSHAN ADHIGUM AVAM PRAKRIYA KA MANOVIGYAN bINTERNATIONAL PUB. MEERUT